000 00622nam a2200217Ia 4500
005 20250326144205.0
008 250326s9999 xx 000 0 und d
020 _a978-81-89988-05-0
037 _aTextbook
040 _aFMSL
_beng
_cFMSL
041 _aeng
_2eng
084 _aR P7
_qFMSL
100 _aDyer Wayne W Au.
_9749214
245 0 _aChange youer thoughts change your life :living the wisdom of the Tao
_cDyer Wayne W Au.
260 _aUnited Kingdom
_bUnited Kingdom, Hay House
_c2008
300 _a395p
365 _b395
650 _aNovel
942 _cTB
_hR P7
999 _c1302725
_d1302725